The board game designer's guide to careers in the industry / (Record no. 30958)

MARC details
000 -LEADER
fixed length control field 01575cam a2200325 i 4500
001 - CONTROL NUMBER
control field 22681163
003 - CONTROL NUMBER IDENTIFIER
control field EG-ScBUE
005 - DATE AND TIME OF LATEST TRANSACTION
control field 20250511094532.0
008 - FIXED-LENGTH DATA ELEMENTS--GENERAL INFORMATION
fixed length control field 220706s2023 flua f b 001 0 eng d
020 ## - INTERNATIONAL STANDARD BOOK NUMBER
International Standard Book Number 9781032368931
040 ## - CATALOGING SOURCE
Original cataloging agency DLC
Language of cataloging eng
Description conventions rda
Transcribing agency DLC
Modifying agency EG-ScBUE
082 04 - DEWEY DECIMAL CLASSIFICATION NUMBER
Classification number 794.023
Edition number 22
Item number SLA
100 1# - MAIN ENTRY--PERSONAL NAME
Personal name Slack, Joe,
Relator term author.
245 14 - TITLE STATEMENT
Title The board game designer's guide to careers in the industry /
Statement of responsibility, etc Joe Slack.
264 #1 - PUBLICATION, DISTRIBUTION, ETC. (IMPRINT)
Place of publication, distribution, etc Boca Raton, FL :
Name of publisher, distributor, etc CRC Press, Taylor & Francis Group
Date of publication, distribution, etc 2023.
300 ## - PHYSICAL DESCRIPTION
Extent 107 pages :
Other physical details illustrations (black and white) ;
Dimensions 23 cm
336 ## - CONTENT TYPE
Content type term text
Content type code txt
Source rdacontent
337 ## - MEDIA TYPE
Media type term unmediated
Media type code n
Source rdamedia
338 ## - CARRIER TYPE
Carrier type term volume
Carrier type code nc
Source rdacarrier
504 ## - BIBLIOGRAPHY, ETC. NOTE
Bibliography, etc Includes bibliographical references and index.
520 ## - SUMMARY, ETC.
Summary, etc "In this book, you'll discover roles in the industry you didn't even know existed. Not only that, but you'll also learn what skills, experience, and education are necessary to land these jobs and start working in the board game industry"--
Assigning source Provided by publisher.
650 #7 - SUBJECT ADDED ENTRY--TOPICAL TERM
Topical term or geographic name as entry element Board game industry
General subdivision Vocational guidance.
Source of heading or term BUEsh
650 #7 - SUBJECT ADDED ENTRY--TOPICAL TERM
Topical term or geographic name as entry element Board games
General subdivision Design and construction.
Source of heading or term BUEsh
653 ## - INDEX TERM--UNCONTROLLED
Arrived date list May2025
Resource For college Arts and Design
655 ## - INDEX TERM--GENRE/FORM
Form subdivision Reading book
776 08 - ADDITIONAL PHYSICAL FORM ENTRY
Display text Online version:
Main entry heading Slack, Joe.
Title Boardgame designer's guide to careers in the industry
Place, publisher, and date of publication Boca Raton, FL : CRC Press, 2023
International Standard Book Number 9781003334408
Record control number (DLC) 2022024162
906 ## - LOCAL DATA ELEMENT F, LDF (RLIN)
a 7
b cbc
c orignew
d 1
e ecip
f 20
g y-gencatlg
942 ## - ADDED ENTRY ELEMENTS (KOHA)
Source of classification or shelving scheme Dewey Decimal Classification
Koha item type Book - Borrowing
Holdings
Withdrawn status Lost status Source of classification or shelving scheme Damaged status Not for loan Collection code Home library Current library Shelving location Date acquired Source of acquisition Cost, normal purchase price Serial Enumeration / chronology Total Checkouts Total Renewals Full call number Barcode Checked out Date last seen Date checked out Cost, replacement price Price effective from Koha item type
    Dewey Decimal Classification     Baccah Central Library Central Library Second Floor 11/05/2025 Purchase 1863.00 93223 1 6 794.023 SLA 000057312 19/05/2026 30/04/2026 30/04/2026 2328.75 11/05/2025 Book - Borrowing
    Dewey Decimal Classification     Baccah Central Library Central Library Second Floor 07/04/2026 Purchase 6495.00 40179     794.023 SLA 000057600   07/04/2026   8120.00 07/04/2026 Book - Borrowing